Loading...
The All England Law Reports 2007 Vol.2
| Main Author: | |
|---|---|
| Published: |
London
LexisNexis Butterworths
2007
|
| Subjects: |
| LEADER | 00438nam a22001337a 4500 | ||
|---|---|---|---|
| 020 | |a 978-1-4057-1951-3 | ||
| 074 | |a 8618 | ||
| 100 | |a ed by Widdicombe,Karen |9 2711 | ||
| 245 | |a The All England Law Reports 2007 Vol.2 | ||
| 260 | |a London |b LexisNexis Butterworths |c 2007 | ||
| 300 | |a xix,1120p. | ||
| 653 | |a All England Law Reports | ||
| 999 | |c 6592 |d 6592 | ||
| 952 | |0 0 |1 0 |2 udc |4 0 |7 0 |9 8252 |a NUALS |b NUALS |d 2012-03-28 |l 0 |p 8618 |r 2013-04-11 |t 1 |w 2013-04-11 |y SERIALS | ||